Floral morphology ; a new outlook with special reference to the interpretation of the gynceum /

Bibliographic Details
Main Author: Saunders, E. R. (Edith Rebecca), 1865-
Format: Book
Language:English
Published: New York : Chemical pub. co., 1940.
Subjects:

MARC

Tag First Indicator Second Indicator Subfields
LEADER 00000cam a2200000 4500
001 in00000049748
005 20151007073737.0
008 800610s1940 nyua b 00010 eng d
035 |a (OCoLC)06405034 
035 |9 AAF0291AM 
040 |a TXA  |c TXA  |d UtOrBLW 
049 |a TXAM  |v 1 [108718]  |v 2 [108719] 
090 |a QK659  |b .S3 1940 
092 |a 581.463253  |b S257f 
100 1 |a Saunders, E. R.  |q (Edith Rebecca),  |d 1865- 
245 1 0 |a Floral morphology ;  |b a new outlook with special reference to the interpretation of the gynceum /  |c by E. R. Saunders ... 
264 1 |a New York :  |b Chemical pub. co.,  |c 1940. 
300 |a 2 volumes :  |b illustrations ;  |c 19 cm. 
336 |a text  |b txt  |2 rdacontent 
337 |a unmediated  |b n  |2 rdamedia 
338 |a volume  |b nc  |2 rdacarrier 
500 |a paged continuously. 
504 |a "References to literature": volume 2, pages 135-137. 
650 0 |a Flowers  |x Morphology. 
650 0 |a Flowers  |x Anatomy. 
999 |a MARS 
999 f f |s 9e93034a-6922-39b9-bc1e-dc98cb0a983c  |i c2bc93d0-e8d8-3e0b-8991-354fc9350f7f  |t 0 
952 f f |p ric  |a Texas A&M University  |b Rellis Campus  |c Joint Library Facility  |d Remote Storage  |t 0  |e QK659 .S3 1940  |h Library of Congress classification  |i unmediated -- volume  |k v.1  |m A14800990367 
952 f f |p ric  |a Texas A&M University  |b Rellis Campus  |c Joint Library Facility  |d Remote Storage  |t 0  |e QK659 .S3 1940  |h Library of Congress classification  |i unmediated -- volume  |k v.2  |m A14800990375 
998 f f |a QK659 .S3 1940  |s v.1-v.2  |t 0  |l Remote Storage